Reconstructive Surgery of the Long Bones with Autogenous and Homogenous Grafts /

Bibliographic Details
Main Author: Verbeek, O.
Corporate Author: SpringerLink (Online service)
Other Authors: Kingma, M. J.
Format: eBook
Language:English
Published: Dordrecht : Springer Netherlands, 1973.
Subjects:
Online Access:Connect to the full text of this electronic book

MARC

Tag First Indicator Second Indicator Subfields
LEADER 00000cam a2200000Mi 4500
001 in00003577611
006 m o d
007 cr mnu---uuaaa
008 121227s1973 ne o 000 0 eng
005 20260422214835.0
020 |a 9789401196611 (electronic bk.) 
020 |a 9401196613 (electronic bk.) 
020 |z 9789401196635 
020 |z 940119663X 
035 |a (OCoLC)851367849 
040 |a AU@  |b eng  |c AU@  |d OCLCQ  |d OCLCO  |d GW5XE  |d OCLCF  |d UtOrBLW 
049 |a TXAM 
050 4 |a RD701-811 
072 7 |a MNS  |2 bicssc 
072 7 |a MED065000  |2 bisacsh 
082 0 4 |a 616.7  |2 23 
100 1 |a Verbeek, O. 
245 1 0 |a Reconstructive Surgery of the Long Bones with Autogenous and Homogenous Grafts /  |c by O. Verbeek, M.J. Kingma. 
264 1 |a Dordrecht :  |b Springer Netherlands,  |c 1973. 
300 |a 1 online resource (128 pages) 
336 |a text  |b txt  |2 rdacontent 
337 |a computer  |b c  |2 rdamedia 
338 |a online resource  |b cr  |2 rdacarrier 
500 |a Electronic resource. 
650 0 |a Medicine. 
650 0 |a Orthopedics. 
650 7 |a Medicine.  |2 fast  |0 (OCoLC)fst01014893 
650 7 |a Orthopedics.  |2 fast  |0 (OCoLC)fst01048565 
655 7 |a Electronic books.  |2 local 
700 1 |a Kingma, M. J. 
710 2 |a SpringerLink (Online service) 
776 1 8 |i Print version:  |z 9789401196635 
856 4 0 |u http://proxy.library.tamu.edu/login?url=https://link.springer.com/10.1007/978-94-011-9661-1  |z Connect to the full text of this electronic book  |t 0 
994 |a 92  |b TXA 
999 |a MARS 
999 f f |s 586b8e21-e153-3997-b943-51cbef6fbe00  |i c40f5105-f03e-32cd-be88-1f0e8fb7d5aa  |t 0 
952 f f |a Texas A&M University  |b College Station  |c Electronic Resources  |s www_evans  |d Available Online  |t 0  |e RD701-811  |h Library of Congress classification 
998 f f |a RD701-811  |t 0  |l Available Online